01127nam a2200193Ia 4500001001100000003001000011008004100021040002500062041001300087100003200100245003700132250001100169260007500180300001200255500026000267501011400527520026000641650003200901L890-39588IT-CnALBA170116s9999||||xx |||||||||||||| ||und|| aIT-CnALBAcIT-CnALBA aITALIANO aSERRA FRANCO, DIR. RESPONS. 0aARCOBALENO DI UNA VITA. POESIE.  a1a ed. aFIRENZEbL'AUTORE LIBRIc1999 [1° Ed.:1999 - Ed.Ling.Originale: 1999] a103 p.  aCURATORE PROHEMIO EDITORIALE. CII COMPONIMENTI POETICI. NUOVO GIORNO. DI FRONTE ALLA MORTE. ESAUSTO VIANDANTE. RITRATTO. ATMOSFERA. RICORDO INDELEBILE. PERPLESSITA'. OTTOBRE. TRAMONTO. SETTEMBRE. PIOGGIA. ATTESA. SALUTO, ULTIMO. CARATTERE. VISIONE DI VENE aSocietà San Paolo EM - Piazza San Paolo, 14 - 12051 ALBA (CN) (non commercial uses only) ® Copyright 2017 aCURATORE PROHEMIO EDITORIALE. CII COMPONIMENTI POETICI. NUOVO GIORNO. DI FRONTE ALLA MORTE. ESAUSTO VIANDANTE. RITRATTO. ATMOSFERA. RICORDO INDELEBILE. PERPLESSITA'. OTTOBRE. TRAMONTO. SETTEMBRE. PIOGGIA. ATTESA. SALUTO, ULTIMO. CARATTERE. VISIONE DI VENE aLETTERATURE IN ALTRE LINGUE